| 000 | 00481nam a2200169Ia 4500 | ||
|---|---|---|---|
| 999 |
_c3126 _d3126 |
||
| 003 | OSt | ||
| 005 | 20200820125005.0 | ||
| 008 | 190216s9999||||xx |||||||||||||| ||und|| | ||
| 040 | _coclc | ||
| 082 |
_a541.38 _bGOP/E |
||
| 100 |
_aGopalan, R _94131 |
||
| 245 | 0 |
_aElements Of Nuclear Chemistry / _cR Gopalan |
|
| 260 |
_bVikas Publishing House, _c2000. _aNew Delhi: |
||
| 300 | _a149p | ||
| 650 | _aChemistry | ||
| 942 |
_cBK _2ddc _h541.38 _iGOP/E _k541.38 _mGOP/E |
||